| 000 | 00523nam a2200193Ia 4500 | ||
|---|---|---|---|
| 003 | OSt | ||
| 005 | 20250307152312.0 | ||
| 008 | 210210b1970 xxu||||| |||| 00| 0 eng d | ||
| 040 | _cAL | ||
| 041 | _aKannada | ||
| 082 | _aK894.3 SARK | ||
| 100 |
_aSAROJARAV (K). _dಸರೋಜಾರಾವ್ (ಕೆ). _9204915 |
||
| 245 |
_aKumkuma bala. _bಕುಂಕುಮ ಬಲ |
||
| 260 |
_aBengaluru _bShri Ranganatha Buk Stal _c1970 |
||
| 300 | _a158 | ||
| 690 |
_aKannada Fiction _9204916 |
||
| 906 | _a028028 | ||
| 942 |
_2ddc _cBK |
||
| 999 |
_c79291 _d79291 |
||